Statistics for Unrecognised Nations #3

Click here to take the quiz!

General Stats

  • This quiz has been taken 31 times
  • The average score is 3 of 10

Answer Stats

Country Situated InStarts withNation% Correct
UkraineDDonetsk
80%
ChinaHHong Kong
73%
UkraineLLuhansk
73%
MoldovaGGagauzia
23%
CameroonAAmbazonia
20%
Antigua and BarbudaRRedonda
10%
AustraliaAAtlantia
7%
AustraliaHHutt River
7%
SwedenLLadonia
7%
PortugalPPotinha
7%

Score Distribution

Percentile by Number Answered

Percent of People with Each Score

Your Score History

You have not taken this quiz